World Capitals #4 - Statistics

General Stats
  • This quiz has been taken 18 times
  • The average score is 9 of 15
Answer Stats
Hint Answer % Correct
Ethiopia Addis Ababa
89%
Kenya Nairobi
89%
Republic of The Congo Brazzaville
78%
Cameroon Yaoundé
78%
Uganda Kampala
67%
Eritrea Asmara
61%
South Sudan Juba
61%
Lesotho Maseru
61%
Central African Republic Bangui
56%
Gambia Banjul
50%
Gabon Libreville
44%
Djibouti Djibouti City
39%
Eswatini Lobama
33%
Equatorial Guinea Malabo
28%
Democratic Republic of The Congo Kinshasha
22%
No matching quizzes found
Score Distribution
Percent of People with Each Score
Percentile by Number Answered
Your Score History
You have not taken this quiz